• 首页
  • 本馆介绍
  • 公告通知
  • 最新文献
  • 馆藏检索
  • 电子资源
  • 读者导购
  • 参考咨询
  • 我的图书馆
  • 登录
  • 详细信息显示
  • 放入我的书架
  • 预约/预借图书
  • 作者相关作品
  • 分类相关作品
  • 丛书相关作品
  • 出版社相关作品

书目信息

  • 表格格式
  • 工作单格式
  • 卡片格式
题名:
室内装饰装修精细木工
    
 
作者: 傅元宏 主编
分册:  
出版信息: 北京   化学工业出版社  2015
页数: 289页
开本: 21cm
丛书名:
单 册:
中图分类: TU759.5
科图分类:
主题词: 室内装修--细木工--基本知识
电子资源:
ISBN: 978-7-122-24636-3
000 00959nam0 2200241 450
001 1764650049
005 20161207151528.0
010    @a978-7-122-24636-3@dCNY36.00
100    @a20151101d2015 em y0chiy50 ea
101 0  @achi
102    @aCN@b110000
105    @aa z 000yy
106    @ar
200 1  @a室内装饰装修精细木工@9shi nei zhuang shi zhuang xiu jing xi mu gong@f傅元宏主编
210    @a北京@c化学工业出版社@d2015
215    @a289页@c图,照片@d21cm
300    @a室内装饰装修操作技能培训用书
330    @a本书通过对室内装饰装修精细木工职业技能岗位标准的分析,按照室内装饰装修工程中精细木工施工的基本要求,结合编者多年来的装饰工程施工管理和教学经验,对精细木工基础知识、常用材料、木工工具、木结构技术、施工工艺、木作工程质量通病与防治、木工安全操作与职业健康做了详细的讲解。
606 0  @a室内装修@x细木工@x基本知识
690    @aTU759.5@v5
701  0 @a傅元宏@9fu yuan hong@4主编
801  0 @aCN@b91MARC@c20151101
905    @aBZT@dTU759.5@e1
    
    室内装饰装修精细木工/傅元宏主编.-北京:化学工业出版社,2015
    289页:图,照片;21cm
    室内装饰装修操作技能培训用书
    
    ISBN 978-7-122-24636-3:CNY36.00
    本书通过对室内装饰装修精细木工职业技能岗位标准的分析,按照室内装饰装修工程中精细木工施工的基本要求,结合编者多年来的装饰工程施工管理和教学经验,对精细木工基础知识、常用材料、木工工具、木结构技术、施工工艺、木作工程质量通病与防治、木工安全操作与职业健康做了详细的讲解。
●
相关链接 在五车中查询图书 在当当中查询图书 在豆瓣中查询图书


正题名:室内装饰装修精细木工     索取号:TU759.5/1         预约/预借

序号 登录号 条形码 馆藏地/架位号 状态 备注
1 828557   2000828557   第二书库/ [索取号:TU759.5/1] 在馆    
2 828558   2000828558   第二书库/ [索取号:TU759.5/1] 在馆    
3 828559   2000828559   第二书库/ [索取号:TU759.5/1] 在馆    
山东省滨州职业学院图书馆 欢迎您!
大连网信软件有限公司© 版权所有